Kiinaan rajoittuvien maiden lippumaiden muodot - Statistics

Yleistilastot
  • Tätä visaa on pelattu 17 kertaa
  • Keskiarvotulos 13 / 14
Vastaustilastot
Kuvavisa Vastaus % Oikein
Bhutan
100%
Intia
100%
Kazakstan
100%
Laos
100%
Mongolia
100%
Venäjä
100%
Vietnam
100%
Kirgisia
94%
Myanmar
94%
Nepal
94%
Pakistan
94%
Afganistan
88%
Pohjois-Korea
88%
Tadžikistan
82%
Ehtoja vastaavia visoja ei löytynyt
Tulosjakauma
Jokaisen tuloksen saaneiden osuus
Persentiili vastausten määrän mukaan
Tuloshistoriasi
Et ole pelannut tätä visaa